000 01458ny a22003373n 4500
005 20240305165319.0
008 030129s2001 sp s 000 0 spa c
017 _aD.L.M.39170-2001
020 _a9788471309488
020 _a842341647X
035 _a546
040 _aUMA.DER
_dvLex
040 _aUMA.RE
_dvlex
080 _a347.7
090 _c639
_d639
100 1 _aFernández Ruiz, José Luis
245 1 0 _aFundamentos de derecho mercantil.
_nTomo II,
_pTítulos valores, contratos mercantiles, la insolvencia del empresario y derecho de la navegación marítima y aérea
_h[Recurso electrónico]
_cJosé Luis Fern{acu
250 _a3ª ed. rev. y act
256 _aServicio en línea
260 _a[Madrid] :
_bEdersa,
_cD.L. 2001
300 _a546 p. :
_c22 cm
506 1 _aContenido solo disponible en los productos indicados
_dvLex Global
_dvLex Global (Academic Edition, excluding Law Schools)
_dvLex Global (U.S. Academic Edition, Law Schools)
_dvLex Global (U.S. Academic Edition, excluding Law Schools)
_dvLex Global (Academic Edition, Law Schools)
650 0 7 _aMercantil
_2Tesauro vLex
650 0 7 _2Tesauro vLex
_aTítulos de valores
650 0 7 _2Tesauro vLex
_aContratos mercantiles
650 0 7 _2Tesauro vLex
_aInsolvencia
700 1 _aMartín Reyes, Mª de los âAngeles
740 0 _avLex Libros (Servicios en línea)
856 4 0 _uhttps://app.vlex.com/#/sources/derecho-mercantil-titulos-valores-546
942 _cRAA
999 _c159160
_d159160